书目信息 |
| 题名: |
中共党史拐点中的人物与事件
|
|
| 作者: | 李海文 著 | |
| 分册: | ||
| 出版信息: | 北京 中国青年出版社 2013.10 |
|
| 页数: | 452页 | |
| 开本: | 20cm | |
| 丛书名: | ||
| 单 册: | ||
| 中图分类: | K820.7-53 | |
| 科图分类: | ||
| 主题词: | 人物--传记--中国 | |
| 电子资源: | ||
| ISBN: | 7-5153-1935-6 | |
| 000 | 00647nam0 2200205 450 | |
| 001 | 2658565135 | |
| 005 | 20260414161651.73 | |
| 010 | @a7-5153-1935-6@dCNY58.00 | |
| 100 | @a20260414d2013 km y0chiy0120 ea | |
| 101 | 0 | @achi |
| 102 | @aCN@b110000 | |
| 102 | @aCN@b110000 | |
| 200 | 1 | @a中共党史拐点中的人物与事件@AZhong Gong Dang Shi Guai Dian Zhong De Ren Wu Yu Shi Jian@f李海文著@FLi Hai Wen Zhu |
| 210 | @a北京@c中国青年出版社@d2013.10 | |
| 215 | @a452页@d20cm | |
| 606 | 0 | @a人物@x传记@x中国 |
| 690 | @aK820.7-53@v4 | |
| 701 | 0 | @a李海文@ALi Hai Wen@4著 |
| 801 | 0 | @aCN@b大连网信软件有限公司图书馆·11@c20260414 |
| 905 | @aZUCC@dK820.7-53@e260 | |
| 中共党史拐点中的人物与事件/李海文著.-北京:中国青年出版社,2013.10 |
| 452页;20cm |
| ISBN 7-5153-1935-6:CNY58.00 |
| ● |
| 相关链接 |
|
|
|
|
正题名:中共党史拐点中的人物与事件
索取号:K820.7-53/260
 
预约/预借
| 序号 | 登录号 | 条形码 | 馆藏地/架位号 | 状态 | 备注 |
| 1 | 1442715 | 214427155 | 第二样本阅览室/ [索取号:K820.7-53/260] | 在馆 |